000 00736cam a2200241 4500
001 44821
021 _b8859/87
090 _a44821
100 _a19880823d1988 cdey0pory5003 ba
101 0 _apor
102 _aPT
200 1 _aUma aventura na cidade
_aUma aventura nas férias de Natal
_fAna Maria Magalhãs, Isabel Alçada
_gil. Arlindo Fagundes
210 9 _aLisboa
_cCaminho,
_dimp. 1988
215 _a344, [1] p.
_cil.
_d19 cm
225 2 _aUma aventura
_v1
675 _a087.5
_vBN
_zpor
675 _a821.134.3-93"19/20"
_vBN
_zpor
675 _a821.134.3-311.3"19/20"
_vBN
_zpor
700 1 _aMagalhães,
_bAna Maria,
701 1 _aAl—cada,
_bIsabel,
_4070
702 1 _aFagundes,
_bArlindo,
_f1945-2025
_4440
801 0 _aPT
_bBN
_gRPC
990 _cMON